000 00290nam a22001217a 4500
008 180605b xxu||||| |||| 00| 0 eng d
041 _aeng
080 _a043.3
100 _a0
101 _aMBE-MTH
245 _aDevelopment of marketing by local SME'S in Kosova
_cBegu,U
942 _2udc
_cBK
999 _c46314
_d46314